| 000 | 00562nam a22001937a 4500 | ||
|---|---|---|---|
| 005 | 20251108172135.0 | ||
| 008 | 250721s1996 xx 000 0 ara d | ||
| 082 | 1 | 4 | _a920.72/محم |
| 100 | 1 | _aأبو شرار، محمود موسى | |
| 245 | 1 | 0 | _aثلاثون مؤمنة و صحابية كن مشاعلا للنور / |
| 264 | 1 |
_aبيروت : _bدار البيارق، _c1996. |
|
| 300 | _a230ص | ||
| 650 | 1 | 7 | _aالنساء |
| 650 | 1 | 7 | _aالتراجم |
| 650 | 1 | 7 | _aالصحابة |
| 650 | 1 | 7 | _aآل البيت |
| 942 |
_2ddc _cBK |
||
| 999 |
_c71452 _d71452 |
||